Высоковольтные электронные пучки

Библиографические подробности
Главный автор: Жилейко Г. И. Георгий Иванович
Язык:русский
Опубликовано: Москва, Энергия, 1968
Предметы:
Формат: MixedMaterials Книга
Запись в KOHA:https://koha.lib.tpu.ru/cgi-bin/koha/opac-detail.pl?biblionumber=183422

MARC

LEADER 00000nam0a2200000 4500
001 183422
005 20231031171520.0
035 |a (RuTPU)RU\TPU\book\198834 
090 |a 183422 
100 |a 20100720d1968 k y0rusy50 ca 
101 0 |a rus 
102 |a RU 
105 |a a z 001zy 
200 1 |a Высоковольтные электронные пучки  |f Г. И. Жилейко 
210 |a Москва  |c Энергия  |d 1968 
215 |a 240 с.  |c ил. 
320 |a Библиогр.: с. 234-237. 
610 1 |a электроны 
610 1 |a пучки 
610 1 |a формирование 
610 1 |a заряженные частицы 
610 1 |a ускорители 
610 1 |a высокочастотные системы 
675 |a 539.1.076.6  |v 3 
675 |a 539.124  |v 3 
675 |a 621.384.63  |v 3 
700 1 |a Жилейко  |b Г. И.  |g Георгий Иванович 
801 1 |a RU  |b 63413507  |c 20100720 
801 2 |a RU  |b 63413507  |c 20150609  |g RCR 
942 |c BK